Sistema de mejora continua de la calidad en el laboratorio : teoría y práctica

محفوظ في:
التفاصيل البيبلوغرافية
المؤلفون الرئيسيون: Sáez Ramírez, Silvia (مؤلف, autor), Gómez-Cambronero López, Luis Gregorio (مؤلف, autor)
التنسيق: كتاب الكتروني
اللغة:الإسبانية
منشور في: [Valencia] Universitat de València 2006.
الموضوعات:
الوصول للمادة أونلاين:https://elibro.unach.elogim.com/es/lc/unach/titulos/292226
الوسوم: إضافة وسم
لا توجد وسوم, كن أول من يضع وسما على هذه التسجيلة!

MARC

LEADER 00000nam a2200000 i 4500
001 ELB292226
003 FINmELB
005 20251210032141.0
006 m o d |
007 cr cnu||||||||
008 260219s2006 sp o 000 0 spa d
020 |a 9788437083964  |q (ebook) 
020 |z 9788437065489 
035 |a (OCoLC)992036800 
040 |a FINmELB  |b eng  |e rda  |c FINmELB 
050 4 |a RB36.3.Q34  |b S497 2006 
080 |a 614-074:658.562 
082 0 4 |a 616.0756  |2 23 
100 1 |a Sáez Ramírez, Silvia  |e autor  |4 aut 
245 1 0 |a Sistema de mejora continua de la calidad en el laboratorio :  |b teoría y práctica  |c Silvia Sáez Ramírez, Luis Gregorio Gómez-Cambronero López 
264 1 |a [Valencia]  |b Universitat de València  |c 2006. 
300 |a 1 recurso en línea :  |b gráficos 
336 |a texto  |b txt  |2 rdamedia/spa 
337 |a computadora  |b c  |2 rdamedia/spa 
338 |a recurso en línea  |b cr  |2 rdacarrier/spa 
588 |a Descripción basada en metadatos suministrados por el editor y otras fuentes. 
590 |a Recurso electrónico. Santa Fe, Arg.: elibro, 2026. Disponible vía World Wide Web. El acceso puede estar limitado para las bibliotecas afiliadas a elibro. 
650 4 |a Laboratorios clínicos  |x Gestión de la calidad 
655 4 |a Libros electrónicos. 
700 1 |a Gómez-Cambronero López, Luis Gregorio  |e autor  |4 aut 
797 2 |a elibro, Corp. 
856 4 0 |u https://elibro.unach.elogim.com/es/lc/unach/titulos/292226